| 000 | 00449nam a2200157Ia 4500 | ||
|---|---|---|---|
| 008 | 210716s2008 xx 000 0 und d | ||
| 020 | _a9788131501870 | ||
| 041 | _aeng | ||
| 082 | _a658.84 NAPH | ||
| 100 | _aNapier, Albert H;Rivers, Ollie, N;Wagner, Stuart, W;Napier, J B. | ||
| 245 | _aCreating a winning E- business. | ||
| 250 | _a2 | ||
| 260 |
_aNew Delhi _bCengage Learning India Pvt Ltd _c2008 |
||
| 300 | _axv,444 | ||
| 650 | _aE-Commerce | ||
| 999 |
_c203894 _d203894 |
||